[Event "POL-ch Rapid U18 Girls"]
[Site "Bydgoszcz"]
[Date "2023.08.29"]
[Round "3"]
[White "Goraj, Barbara"]
[Black "Jedrzejko, Martyna"]
[Result "1/2-1/2"]
[WhiteElo "1958"]
[BlackElo "1535"]
[PlyCount "124"]
[EventDate "2023.08.28"]
[EventType "swiss"]
[EventRounds "11"]
[EventCountry "POL"]
[SourceTitle "EXT 2024"]
[Source "ChessBase"]
[SourceDate "2023.10.10"]
[SourceVersion "1"]
[SourceVersionDate "2023.10.10"]
[SourceQuality "1"]

1. c4 d5 2. cxd5 Qxd5 3. Nc3 Qd8 4. d4 e6 5. e4 c5 6. Nf3 Nf6 7. Be2 Nc6 8. d5 exd5 9. exd5 Nb4 10. 0-0 Bd6 11. Bb5+ Bd7 12. Re1+ Kf8 13. a3 Na6 14. Bc4 Nc7 15. a4 Bf5 16. Bg5 h6 17. Bh4 g5 18. Bg3 Bxg3 19. hxg3 Qd6 20. Qb3 Rb8 21. Rad1 Kg7 22. Rd2 Na6 23. Nb5 Qb6 24. Qc3 Nb4 25. Ne5 a6 26. Na3 Qd6 27. Qf3 Bh7 28. a5 Rbe8 29. Rde2 Rd8 30. Nb1 Rhf8 31. Nc3 Nc2 32. g4 Nd4 33. Qg3 Nxe2+ 34. Rxe2 Rfe8 35. f4 Nd7 36. Nd3 Rxe2 37. Nxe2 Re8 38. Qf3 Bxd3 39. Bxd3 c4 40. Bf5 Qc5+ 41. Kf1 Nf6 42. fxg5 hxg5 43. Ng3 Nxd5 44. Nh5+ Kg8 45. Qxd5 Qxd5 46. Nf6+ Kf8 47. Nxd5 Re5 48. Nb6 Rxa5 49. Nxc4 Ra4 50. Ne5 Rb4 51. Nd3 Rd4 52. Ke2 b5 53. b4 Ke7 54. Bc8 Kd8 55. Bxa6 Rxg4 56. Kf3 Rd4 57. Bxb5 f5 58. Ke3 Re4+ 59. Kf2 Kc7 60. Ba4 Rd4 61. Ke3 Re4+ 62. Kf3 Rd4 1/2-1/2

[Event "POL-ch U18 Girls"]
[Site "Sypniewo"]
[Date "2022.03.27"]
[Round "9"]
[White "Mirowska, Oliwia"]
[Black "Jedrzejko, Martyna"]
[Result "1-0"]
[WhiteElo "1738"]
[BlackElo "1517"]
[PlyCount "67"]
[EventDate "2022.03.19"]
[EventType "swiss"]
[EventRounds "9"]
[EventCountry "POL"]
[SourceTitle "CBM 207 Extra"]
[Source "ChessBase"]
[SourceDate "2022.05.31"]
[SourceVersion "1"]
[SourceVersionDate "2022.05.31"]
[SourceQuality "1"]

1. a3 d5 2. b4 Nf6 3. g3 e6 4. Bg2 c5 5. c3 Bd6 6. Nf3 0-0 7. d4 b6 8. 0-0 Bb7 9. Ne5 Nfd7 10. Nc4 Be7 11. dxc5 bxc5 12. Na5 Ba6 13. Re1 Nf6 14. Nd2 Nbd7 15. Nc6 Qe8 16. e4 dxe4 17. Nxe4 Nxe4 18. Nxe7+ Qxe7 19. Bxe4 Rac8 20. Bf4 Rfd8 21. Qa4 Bc4 22. Qxa7 Qe8 23. Bb7 Ra8 24. Bxa8 Rxa8 25. Qc7 Rc8 26. Qd6 cxb4 27. cxb4 Nf6 28. Qd4 Nd5 29. Rac1 Nxf4 30. Rxc4 Rxc4 31. Qxc4 Ng6 32. Rc1 Ne7 33. Qc7 g6 34. b5 1-0

[Event "POL-chT blitz (Women)"]
[Site "Szczawno Zdroj"]
[Date "2018.12.15"]
[Round "11.5"]
[White "Jedrzejko, Martyna"]
[Black "Owczarek, Monika"]
[Result "0-1"]
[WhiteElo "1320"]
[BlackElo "1342"]
[PlyCount "58"]
[EventDate "2018.12.15"]
[EventType "team-swiss"]
[EventRounds "11"]
[EventCountry "POL"]
[SourceTitle "CBM 187 Extra"]
[Source "ChessBase"]
[SourceDate "2018.11.04"]
[SourceVersion "1"]
[SourceVersionDate "2018.11.04"]
[SourceQuality "1"]

1. e4 e6 2. d4 d5 3. exd5 exd5 4. Bd3 Nc6 5. c3 Bd6 6. Nf3 Nge7 7. 0-0 Bf5 8. Bxf5 Nxf5 9. Re1+ Nfe7 10. Bg5 0-0 11. Nbd2 h6 12. Bxe7 Nxe7 13. Ne5 Re8 14. Ndf3 Nc6 15. Nxc6 bxc6 16. Qc2 Qd7 17. Rad1 Rxe1+ 18. Rxe1 c5 19. Ne5 Bxe5 20. Rxe5 cxd4 21. cxd4 c6 22. Qc5 Rb8 23. Qc3 f6 24. Re2 a6 25. h3 Kf7 26. Qd3 a5 27. Qc3 Qc7 28. Rc2 Re8 29. Qxc6 Re1# 0-1

[Event "EU-ch U10 Girls 25th"]
[Site "Porec"]
[Date "2015.09.30"]
[Round "9"]
[White "Mihelic, Vesna"]
[Black "Jedrzejko, Martyna"]
[Result "1/2-1/2"]
[WhiteElo "1285"]
[BlackElo "1380"]
[PlyCount "85"]
[EventDate "2015.09.21"]
[EventType "swiss"]
[EventRounds "9"]
[EventCountry "CRO"]
[SourceTitle "EXT 2016"]
[Source "ChessBase"]
[SourceDate "2015.10.08"]
[SourceVersion "1"]
[SourceVersionDate "2015.10.08"]
[SourceQuality "1"]

1. e4 d5 2. exd5 Qxd5 3. Nc3 Qa5 4. Nf3 Nf6 5. Bc4 Bf5 6. d3 e6 7. Qe2 c6 8. Bd2 Qc7 9. a4 Bd6 10. h3 Nbd7 11. Nd4 Bg6 12. 0-0 0-0 13. f4 Bc5 14. Be3 Rfe8 15. Nb3 Bxe3+ 16. Qxe3 Nd5 17. Bxd5 exd5 18. Qf3 Qb6+ 19. Qf2 Qxf2+ 20. Rxf2 f5 21. Re2 Rxe2 22. Nxe2 Re8 23. Ng3 c5 24. h4 h6 25. Kf2 Kf7 26. a5 Kf6 27. Re1 Rxe1 28. Kxe1 h5 29. Kd2 d4 30. c3 dxc3+ 31. Kxc3 Bf7 32. d4 cxd4+ 33. Nxd4 g6 34. Nf3 Bd5 35. Kd4 Bxf3 36. gxf3 Ke6 37. Ne2 Kd6 38. Nc3 a6 39. Na4 Kc6 40. Kc4 Nf6 41. Nc3 Kd6 42. Kd4 Nd7 43. b4 1/2-1/2

[Event "EU-ch U10 Girls 25th"]
[Site "Porec"]
[Date "2015.09.28"]
[Round "7"]
[White "Zeliantsova, Kseniya"]
[Black "Jedrzejko, Martyna"]
[Result "1-0"]
[WhiteElo "1718"]
[BlackElo "1380"]
[PlyCount "133"]
[EventDate "2015.09.21"]
[EventType "swiss"]
[EventRounds "9"]
[EventCountry "CRO"]
[SourceTitle "EXT 2016"]
[Source "ChessBase"]
[SourceDate "2015.10.08"]
[SourceVersion "1"]
[SourceVersionDate "2015.10.08"]
[SourceQuality "1"]

1. c4 e5 2. Nc3 Nf6 3. g3 Bb4 4. Bg2 0-0 5. e3 Bxc3 6. bxc3 e4 7. Ne2 Nc6 8. 0-0 d6 9. Rb1 Rb8 10. Nf4 Ne5 11. Nd5 Nxd5 12. cxd5 Bg4 13. Qc2 Nf3+ 14. Kh1 Re8 15. Rb4 f5 16. h3 Bh5 17. d3 Qe7 18. Ba3 b6 19. dxe4 fxe4 20. Rfb1 a5 21. Rb5 Qe5 22. c4 Rbd8 23. Bb2 Qe7 24. Qc3 Bg6 25. a4 Qe5 26. Qxe5 Nxe5 27. Bd4 Nd3 28. Kg1 Ne5 29. Kf1 Rd7 30. Ke2 Nxc4 31. Rc1 Ne5 32. Rb3 Ree7 33. Rbc3 Nf7 34. Kd2 h6 35. Bf1 Ne5 36. Bb5 Rd8 37. Rxc7 Rxc7 38. Rxc7 Nf3+ 39. Kc3 Nxd4 40. Kxd4 Rf8 41. Rc2 Bf5 42. h4 Bg6 43. Bc6 Kf7 44. Kc4 Ke7 45. Kb5 Rb8 46. Ka6 Kd8 47. Ka7 Rc8 48. Kxb6 Be8 49. Kxa5 Bxc6 50. dxc6 Ra8+ 51. Kb4 Rb8+ 52. Ka3 Rc8 53. a5 Kc7 54. Ka4 Ra8 55. Rc1 Ra6 56. Kb5 Ra8 57. a6 Ra7 58. Rc4 d5 59. Rc3 g6 60. Ra3 g5 61. hxg5 hxg5 62. g4 Ra8 63. a7 Kc8 64. Kb6 d4 65. exd4 Kd8 66. Kb7 Rxa7+ 67. Rxa7 1-0

[Event "EU-ch U10 Girls 25th"]
[Site "Porec"]
[Date "2015.09.23"]
[Round "3"]
[White "Jedrzejko, Martyna"]
[Black "Kirchei, Viktoriia"]
[Result "0-1"]
[WhiteElo "1380"]
[BlackElo "1714"]
[PlyCount "120"]
[EventDate "2015.09.21"]
[EventType "swiss"]
[EventRounds "9"]
[EventCountry "CRO"]
[SourceTitle "EXT 2016"]
[Source "ChessBase"]
[SourceDate "2015.10.08"]
[SourceVersion "1"]
[SourceVersionDate "2015.10.08"]
[SourceQuality "1"]

1. e4 Nf6 2. e5 Nd5 3. d4 d6 4. Nf3 g6 5. c4 Nb6 6. Be2 Bg7 7. 0-0 0-0 8. Nc3 Nc6 9. exd6 cxd6 10. h3 Bf5 11. Be3 d5 12. c5 Nc4 13. Bxc4 dxc4 14. d5 Nb4 15. d6 Bd3 16. dxe7 Qxe7 17. Ne1 Bxf1 18. Kxf1 Rfd8 19. Qe2 Nd3 20. Nxd3 cxd3 21. Qd2 Qe6 22. a3 Qb3 23. Re1 Bxc3 24. Qxc3 Qxc3 25. bxc3 Rac8 26. Rd1 Rc6 27. Ra1 Ra6 28. Ke1 Ra5 29. Kd2 Rb5 30. Ra2 Rb1 31. g3 f5 32. h4 Rb5 33. Ke1 b6 34. cxb6 axb6 35. Kd2 Re5 36. Rb2 b5 37. Rb4 Red5 38. c4 bxc4 39. Rxc4 Rb5 40. Rb4 Rbd5 41. Rc4 R5d6 42. a4 Ra8 43. Bf4 Rd5 44. Be3 Rb8 45. Bd4 Rb3 46. Rc8+ Kf7 47. Rc7+ Ke8 48. Rc4 Ra3 49. Ke3 Kd7 50. f4 Ra5 51. Kd2 Ke6 52. Bc3 R5xa4 53. Rxa4 Rxa4 54. Kxd3 Kd5 55. Be1 Ra1 56. Ke2 Ke4 57. Kf2 Rxe1 58. Kxe1 Kf3 59. Kf1 Kxg3 60. Kg1 Kxh4 0-1

[Event "EU-ch U10 Girls 25th"]
[Site "Porec"]
[Date "2015.09.22"]
[Round "2"]
[White "Sovina, Maria"]
[Black "Jedrzejko, Martyna"]
[Result "1-0"]
[WhiteElo "1583"]
[BlackElo "1380"]
[PlyCount "41"]
[EventDate "2015.09.21"]
[EventType "swiss"]
[EventRounds "9"]
[EventCountry "CRO"]
[SourceTitle "EXT 2016"]
[Source "ChessBase"]
[SourceDate "2015.10.08"]
[SourceVersion "1"]
[SourceVersionDate "2015.10.08"]
[SourceQuality "1"]

1. d4 d5 2. c4 e6 3. Nc3 Nf6 4. cxd5 exd5 5. Bg5 Nbd7 6. Nf3 c6 7. e3 Be7 8. Bd3 Ne4 9. Bxe7 Qxe7 10. Qc2 Ndf6 11. Ne5 Nxc3 12. bxc3 h6 13. 0-0 0-0 14. Rae1 Qc7 15. c4 dxc4 16. Bxc4 Kh8 17. f3 Qe7 18. Bxf7 Qc7 19. Ng6+ Kh7 20. Nxf8+ Kh8 21. Qh7+ 1-0

[Event "Sachsen-ch U08 op"]
[Site "Sebnitz"]
[Date "2013.10.31"]
[Round "6"]
[White "Kahlsdorf, Hendrik"]
[Black "Jedrzejko, Martyna"]
[Result "0-1"]
[WhiteElo "898"]
[BlackElo "1260"]
[PlyCount "68"]
[EventDate "2013.10.28"]
[EventType "swiss"]
[EventRounds "9"]
[EventCountry "GER"]
[SourceTitle "EXT 2018"]
[Source "ChessBase"]
[SourceDate "2017.10.13"]
[SourceVersion "1"]
[SourceVersionDate "2017.10.13"]
[SourceQuality "1"]

1. e4 e5 2. Nf3 Nc6 3. Bc4 Nd4 4. Nxd4 exd4 5. 0-0 Bc5 6. d3 d6 7. Bf4 h6 8. Nd2 Nf6 9. Nb3 Bb6 10. Re1 0-0 11. e5 dxe5 12. Bxe5 a6 13. c3 dxc3 14. bxc3 Ng4 15. Bd4 Bxd4 16. Nxd4 Qh4 17. Nf3 Qxf2+ 18. Kh1 Qc5 19. Nd4 Qd6 20. Nf3 b5 21. h3 Nf2+ 22. Kg1 Nxd1 23. Raxd1 Bb7 24. Rf1 Qg6 25. Rd2 Bc8 26. g4 Bb7 27. d4 Bxf3 28. Rxf3 Qc6 29. Bd3 Qxf3 30. Bf5 Rfe8 31. Rd1 Qxd1+ 32. Kf2 Re2+ 33. Kg3 Qg1+ 34. Kf4 Qf2# 0-1

[Event "Sachsen-ch U08 op"]
[Site "Sebnitz"]
[Date "2013.10.29"]
[Round "3"]
[White "Jedrzejko, Martyna"]
[Black "Krzyzosiak, Anna"]
[Result "1-0"]
[WhiteElo "1260"]
[BlackElo "1120"]
[PlyCount "47"]
[EventDate "2013.10.28"]
[EventType "swiss"]
[EventRounds "9"]
[EventCountry "GER"]
[SourceTitle "EXT 2018"]
[Source "ChessBase"]
[SourceDate "2017.10.13"]
[SourceVersion "1"]
[SourceVersionDate "2017.10.13"]
[SourceQuality "1"]

1. e4 e5 2. Nf3 Nc6 3. Nc3 Nf6 4. Bb5 Bc5 5. 0-0 0-0 6. d3 d6 7. Bg5 h6 8. Bh4 Bg4 9. h3 Bh5 10. Nd5 Nd4 11. Nxf6+ gxf6 12. Bc4 Nxf3+ 13. gxf3 Kh8 14. Qd2 Rg8+ 15. Bg3 Rxg3+ 16. Kh2 Qf8 17. Kxg3 Qg7+ 18. Kh2 Bxf3 19. Rg1 Qh7 20. Bxf7 Rf8 21. Bg6 Qg7 22. Bf5 Qf7 23. Qxh6+ Qh7 24. Qxh7# 1-0

[Event "Sachsen-ch U08 op"]
[Site "Sebnitz"]
[Date "2013.10.28"]
[Round "1"]
[White "Jedrzejko, Martyna"]
[Black "Dietrich, Simon"]
[Result "1-0"]
[WhiteElo "1260"]
[BlackElo "774"]
[PlyCount "113"]
[EventDate "2013.10.28"]
[EventType "swiss"]
[EventRounds "9"]
[EventCountry "GER"]
[SourceTitle "EXT 2018"]
[Source "ChessBase"]
[SourceDate "2017.10.13"]
[SourceVersion "1"]
[SourceVersionDate "2017.10.13"]
[SourceQuality "1"]

1. e4 e5 2. Nf3 Nc6 3. Bb5 Bb4 4. a3 Ba5 5. Nc3 Nf6 6. d3 Bxc3+ 7. bxc3 d6 8. Bg5 Bg4 9. h3 Bh5 10. 0-0 0-0 11. Bxc6 bxc6 12. d4 Qe7 13. dxe5 dxe5 14. Qd3 Rab8 15. Rfb1 Rxb1+ 16. Rxb1 h6 17. Bh4 Rd8 18. Qe3 a5 19. a4 c5 20. c4 Qd6 21. Re1 Qe6 22. Bxf6 Qxf6 23. Qxc5 Qg6 24. Nxe5 Qg5 25. g4 Bg6 26. Qxc7 Re8 27. Nxg6 Qxg6 28. Qxa5 Qe6 29. c5 Qc4 30. Qb5 Rxe4 31. Qxc4 Rxc4 32. Ra1 Rxc5 33. a5 Rxc2 34. a6 Rc8 35. a7 Ra8 36. Kg2 Kh7 37. Kf3 Kg6 38. Ke4 Kf6 39. Kd5 Ke7 40. Kc6 Kd8 41. Kb7 Rxa7+ 42. Rxa7 Ke7 43. Kc6+ Kf6 44. Ra5 g5 45. Rf5+ Ke6 46. Kc5 f6 47. Rd5 f5 48. Rxf5 h5 49. Rxg5 hxg4 50. hxg4 Kf6 51. f4 Ke6 52. f5+ Kf6 53. Rg6+ Ke7 54. Kd5 Kf7 55. Kd6 Kf8 56. Ke6 Ke8 57. Rg8# 1-0